[Event "FIN-chT2 Gp1 1819"]
[Site "Finland"]
[Date "2018.09.15"]
[Round "1.4"]
[White "Torkkola, Simo"]
[Black "Arppi, Heikki"]
[Result "1/2-1/2"]
[WhiteElo "1961"]
[BlackElo "1944"]
[PlyCount "58"]
[EventDate "2018.09.15"]
[EventType "team-tourn"]
[EventRounds "6"]
[EventCountry "FIN"]
[SourceTitle "EXT 2020"]
[Source "ChessBase"]
[SourceDate "2019.10.17"]
[SourceVersion "1"]
[SourceVersionDate "2019.10.17"]
[SourceQuality "1"]
[WhiteTeam "Hameenlinna"]
[BlackTeam "Joensuu SK II"]
[WhiteTeamCountry "FIN"]
[BlackTeamCountry "FIN"]

1. Nf3 d5 2. g3 e6 3. Bg2 Nf6 4. d4 Be7 5. c4 0-0 6. cxd5 exd5 7. 0-0 Nbd7 8. Nc3 c6 9. b3 Re8 10. Na4 Ne4 11. Qc2 Ndf6 12. Nb2 Bb4 13. Nd3 Bc3 14. Bb2 Bxb2 15. Qxb2 Bf5 16. h3 Nd7 17. g4 Be6 18. Nf4 Qe7 19. e3 f5 20. Nh2 fxg4 21. hxg4 Qg5 22. f3 Nd6 23. Qf2 Bf7 24. Rae1 Re7 25. Nh3 Qg6 26. f4 Ne4 27. Qh4 Rae8 28. f5 Qd6 29. Bxe4 dxe4 1/2-1/2